[Event "HCL-B254"]
[Site "www.playchess.de"]
[Date "2001.03.26"]
[Round "9"]
[White "Franky"]
[Black "perigm"]
[WhiteElo "1819"]
[BlackElo "1500"]
[PlyCount "23"]
[Result "1-0"]

1.e4 {Hello}  c5 {Look forward to a interesting 
game}  2.g3 Nc6 3.Bg2 {Nice to meet you}  b6 4.Nc3 
Bb7 5.Nge2 e6 {Hope for a good game}  6.O-O 
{Thanks, by the way where are the others two? Only 
us that play}  Nge7 {I have started another game, 
and I hope that there will come more player soons} 
 7.d3 d6 8.f4 {Have a nice week-end}  f5 9.d4 cxd4 
10.Nxd4 {I hope so}  Nxd4 11.Qxd4 Qc7 
12.Nb5 1-0

[Event "HCL-C254"]
[Site "www.playchess.de"]
[Date "2001.03.26"]
[Round "6"]
[White "Natacuin"]
[Black "MEATHEAD"]
[WhiteElo "1000"]
[BlackElo "1083"]
[PlyCount "65"]
[Result "1-0"]

1.e4 {¡Hola! Saludos desde Costa Rica}  e5 2.Nf3 
Bc5 3.Nc3 Nf6 4.Bc4 Ng4 5.d4 exd4 6.Nxd4 d6 7.Nce2 
Qf6 8.f3 Ne5 9.Bb3 g5 10.h3 h6 11.Nc3 c6 12.O-O 
Bd7 13.Be3 b5 14.f4 b4 15.fxe5 Qg6 16.Bxf7+ Qxf7 
17.Rxf7 Kxf7 18.Qh5+ Ke7 19.Bxg5+ hxg5 20.exd6+ 
Bxd6 21.Qxh8 bxc3 22.bxc3 c5 23.Nf5+ Bxf5 24.exf5 
Kf7 25.Qh7+ Kf6 26.Qb7 Be5 27.Qxa8 Kxf5 28.Rf1+ 
Kg6 29.Qxa7 Bxc3 30.Qxb8 Bd4+ 31.Kh1 Kh5 32.Qg8 
Be3 33.Qh7+ {Gracias por el juego (thank you by 
the game)}  1-0

[Event "HCL-A113"]
[Site "www.playchess.de"]
[Date "2001.03.26"]
[Round "12"]
[White "Gruhni"]
[Black "easykiller"]
[WhiteElo "1249"]
[BlackElo "1910"]
[PlyCount "98"]
[Result "0-1"]

1.e4 {Hello from Frankfurt in Germany!}  c5 {Hi 
from Bratislava, Slovakia}  2.Nf3 Nc6 3.c3 d5 4.e5 
Bg4 5.Bb5 Bxf3 6.Qxf3 e6 7.O-O Nge7 8.d4 cxd4 
9.cxd4 Qb6 10.Qd3 Nf5 11.Bxc6+ bxc6 12.Rd1 c5 
13.dxc5 Bxc5 14.Rf1 O-O 15.b3 Rfc8 16.Bb2 Bd4 
17.Bxd4 Qxd4 18.Qxd4 Nxd4 19.Na3 Nc2 20.Nxc2 Rxc2 
21.Rfc1 Rac8 22.Rxc2 Rxc2 23.Kf1 Kf8 24.a3 Ke7 
25.Re1 Kd7 26.Re2 Rc3 27.Rb2 Kc6 28.Ke2 d4 29.Kd2 
Kd5 30.f4 Ke4 31.g3 Rf3 32.Ke1 d3 33.b4 h5 34.a4 
h4 35.Rg2 Ke3 36.b5 d2+ 37.Rxd2 hxg3 38.Re2+ Kxf4 
39.hxg3+ Rxg3 40.Rf2+ Ke3 41.a5 Rg1+ 42.Rf1 Rg2 
43.Kd1 Rd2+ 44.Kc1 Rd7 45.Rg1 Ke4 46.Rxg7 Kxe5 
47.b6 axb6 48.axb6 Rb7 49.Kc2 Kf6 0-1

[Event "ACL-E007"]
[Site "www.playchess.de"]
[Date "2001.03.26"]
[Round "20"]
[White "dakini"]
[Black "Al-azmi"]
[WhiteElo "1633"]
[BlackElo "2086"]
[PlyCount "26"]
[Result "0-1"]

1.d4 Nf6 2.Bg5 Ne4 3.Bf4 c5 4.f3 Qa5+ 5.c3 Nc6 
6.fxe4 cxd4 7.Nf3 e5 8.Bd2 Qb6 9.cxd4 exd4 10.Na3 
Qxb2 11.Nc4 Qb5 12.e3 Qc5 13.Rb1 
f6 0-1

[Event "ACL-E007"]
[Site "www.playchess.de"]
[Date "2001.03.26"]
[Round "21"]
[White "Deppenhaufen"]
[Black "dakini"]
[WhiteElo "2137"]
[BlackElo "1633"]
[PlyCount "67"]
[Result "1-0"]

1.e4 e6 2.d4 d5 3.Nc3 Bb4 4.e5 c5 5.a3 cxd4 6.axb4 
dxc3 7.Nf3 cxb2 8.Bxb2 Nc6 9.b5 Na5 10.Bc3 b6 
11.Bxa5 bxa5 12.Qd2 Bb7 13.Qxa5 Qxa5+ 14.Rxa5 Ne7 
15.Bd3 Nc8 16.Ke2 Rb8 17.Rc1 h6 18.Nd4 Ke7 19.f4 
Rd8 20.f5 Ba8 21.Rf1 Rb6 {Hi, ich denke, das ist 
bald gegessen hier. Spielst Du ganz ohne 
Computer?}  22.fxe6 {die einzigen hilfsmittel die 
ich einsetze, sind meine schachbücher.}  fxe6 
{Respekt!}  23.Ra6 Rf8 24.Rxf8 Kxf8 25.Nxe6+ Kf7 
26.Nc7 Rxa6 27.bxa6 Bc6 28.Ke3 Ne7 29.Kd4 Bd7 
30.Kc5 Be6 31.Nb5 Nc8 32.Nd6+ Ke7 33.Nxc8+ Bxc8 
34.Kxd5 1-0

[Event "HCL-B226"]
[Site "www.playchess.de"]
[Date "2001.03.26"]
[Round "8"]
[White "dakini"]
[Black "pj287"]
[WhiteElo "1137"]
[BlackElo "1200"]
[PlyCount "36"]
[Result "0-1"]

1.e4 c5 2.Nf3 d6 3.d4 cxd4 4.Nxd4 Nf6 5.Bg5 e6 
6.c4 Be7 7.b4 Nxe4 8.Be3 O-O 9.Bd3 Nf6 10.Bg5 h6 
11.Bxf6 Bxf6 12.Bc2 Nc6 13.Qd3 g6 14.Nxc6 bxc6 
15.g3 Bxa1 16.h4 Qf6 17.h5 Qg7 18.hxg6 
fxg6 0-1

[Event "HCL-B258"]
[Site "www.playchess.de"]
[Date "2001.03.26"]
[Round "2"]
[White "ChessWorm"]
[Black "whatsleft2"]
[WhiteElo "1500"]
[BlackElo "1895"]
[PlyCount "46"]
[Result "0-1"]

1.d4 d5 {goodluck}  2.c4 e6 3.Nc3 c5 4.e4 cxd4 
{DDG very good choice was thinking about using 
this opening in my repertoire}  5.Qxd4 Nc6 6.Qd1 
d4 7.Nce2 Nf6 8.f3 e5 9.a3 Be7 10.Qd3 O-O 11.g4 
Nd7 12.b4 a5 13.Bb2 axb4 14.Ng3 bxa3 15.Kf2 Nc5 
16.Qd1 Qb6 17.Bc1 Qb3 18.Qd2 Qe3+ 19.Qxe3 dxe3+ 
20.Bxe3 Nb3 21.Nf5 Nxa1 22.Nxe7+ Nxe7 23.Bc5 
Nc2 0-1

[Event "HCL-C257"]
[Site "www.playchess.de"]
[Date "2001.03.26"]
[Round "9"]
[White "mdammann"]
[Black "MEATHEAD"]
[WhiteElo "1100"]
[BlackElo "1030"]
[PlyCount "59"]
[Result "1-0"]

1.e4 e5 2.d3 Bb4+ 3.c3 Be7 4.Nf3 c5 5.Nxe5 f6 
6.Nf3 d6 7.Qa4+ Bd7 8.Qb3 Nh6 9.Be2 g6 10.Qxb7 Bc6 
11.Qb3 a5 12.a4 g5 13.Nfd2 Rf8 14.Bh5+ Nf7 15.Na3 
Nd7 16.Nf3 Rb8 17.Nb5 Nde5 18.Nh4 gxh4 19.d4 {i'll 
be leaveing soon, we'll continue later}  Nd3+ 
{thats too bad, cuzz i was just about to whoop 
your ass!}  20.Kd2 {you can give it a go and see 
where you can get,  see you later}  Bxe4 21.f3 
Nxc1 22.Rhxc1 {really, I'm going now}  Bg6 23.Bxg6 
hxg6 24.Qd5 Qd7 25.Rce1 Ng5 26.Re3 f5 27.Rae1 Rf7 
28.Nxd6+ Kf8 29.Qe5 Bxd6 30.Qh8+ {MATE  (should 
have pushed the rook... f7-f6)} 
 1-0

[Event "ACL-A121"]
[Site "www.playchess.de"]
[Date "2001.03.26"]
[Round "6"]
[White "Mosca"]
[Black "ragadous"]
[WhiteElo "1500"]
[BlackElo "1500"]
[PlyCount "27"]
[Result "1-0"]

1.e4 e5 2.Nf3 Nc6 3.Bb5 a6 4.Ba4 Nf6 5.O-O Be7 
6.Nc3 d6 7.Bxc6+ bxc6 8.d4 Bg4 9.dxe5 Bxf3 10.Qxf3 
dxe5 11.Qg3 Bd6 12.Qxg7 Rg8 13.Qh6 Rg6 
14.Qh4 1-0

[Event "ACL-A132"]
[Site "www.playchess.de"]
[Date "2001.03.26"]
[Round "21"]
[White "quant"]
[Black "Yogibear"]
[WhiteElo "1500"]
[BlackElo "1785"]
[PlyCount "48"]
[Result "0-1"]

1.e4 {hi again....again caro-kann:}  c6 {Hi Kemal, 
nice to have a game again! Good luck against 
Caro-Kann again, but without 7.Nxe6 ,o.k.!}  2.d4 
{i learnt it ok thanks}  d5 3.Nd2 dxe4 4.Nxe4 Nf6 
{first time I try 4..Nf6}  5.Nxf6+ {i think it is 
not the best in Caro-Kann}  gxf6 {Yes, but I thin 
is no problem if you win a game against me! Have a 
nice Sunday/week!}  6.Bc4 Bf5 7.Nf3 e6 8.h4 Rg8 
{Are we out of book?}  9.g3 {yes}  Be4 10.c3 Nd7 
11.Bd3 Nc5 12.Bxe4 Nxe4 13.Be3 Qd5 14.Qb3 Nxc3 
15.Qxb7 c5 16.Qxd5 Nxd5 17.Ke2 Nxe3 18.Kxe3 Rg4 
19.Rhd1 cxd4+ 20.Nxd4 Bc5 21.Rac1 {i played fast}  
Bb6 {I always play too fast, that is my problem!}  
22.f3 Rxd4 {Your last move braught Black in 
winning position!}  23.Rxd4 {it was a draw  i mada 
a mistake on 18 move  you know it was a dead draw} 
 Rd8 {if no chessplayer would make a mistake, 
every chess-game would end with remis!}  24.Rcc4 
{fuck off}  Rxd4 {Better you learn to play better 
chess, than to use this kind of words!} 
 0-1

[Event "ACL-A050"]
[Site "www.playchess.de"]
[Date "2001.03.26"]
[Round "1"]
[White "Brrrr"]
[Black "Tarahumara"]
[WhiteElo "1500"]
[BlackElo "992"]
[PlyCount "65"]
[Result "1-0"]

1.d4 d5 2.c4 Nf6 3.cxd5 Qxd5 4.Nc3 Qa5 5.Nf3 Nc6 
6.Bd2 Qb4 7.e4 Qxb2 8.Rb1 Qa3 9.Nb5 Qxa2 10.Nxc7+ 
Kd8 11.Nxa8 Nxe4 12.Bd3 Bf5 13.Rxb7 Nxd2 14.Qxd2 
Qa5 15.Qxa5+ Nxa5 16.Rb8+ Kd7 17.Bxf5+ e6 18.Ne5+ 
Ke7 19.Bd3 f6 20.Nf3 Nc6 21.O-O Nxb8 22.Rb1 Nc6 
23.Nc7 Kf7 24.Bc4 Bd6 25.Nxe6 Kg6 26.Nh4+ Kh6 
27.Rb7 Re8 28.Nf5+ Kg6 29.Nxd6 Na5 30.Rxg7+ Kh6 
31.Nxe8 Nxc4 32.Rxa7 Nd2 33.d5 1-0

[Event "ACL-A050"]
[Site "www.playchess.de"]
[Date "2001.03.26"]
[Round "2"]
[White "sazex"]
[Black "Brrrr"]
[WhiteElo "1776"]
[BlackElo "1500"]
[PlyCount "57"]
[Result "1/2-1/2"]

1.e4 c5 2.Nf3 d6 3.d4 cxd4 4.Nxd4 Nf6 5.Nc3 a6 
6.Be2 e5 7.Nb3 Be7 8.O-O O-O 9.f4 b5 10.Bf3 Bb7 
11.Be3 Nc6 12.Nd5 Rc8 13.Bb6 Qe8 14.Nxf6+ Bxf6 
15.Bg4 Ra8 16.Qxd6 exf4 17.Bc5 Bxb2 18.Rad1 Qe5 
19.Qxe5 Bxe5 20.Bxf8 Kxf8 21.Nc5 Bc8 22.Bxc8 Rxc8 
23.Kh1 b4 24.Rd5 f6 25.Ne6+ Kf7 26.Nxf4 Ne7 27.Rd2 
Rc4 28.Nh3 Ke6 29.Nf4+ 1/2-1/2

[Event "ACL-A050"]
[Site "www.playchess.de"]
[Date "2001.03.26"]
[Round "4"]
[White "Brrrr"]
[Black "Mr_Arnaud"]
[WhiteElo "1500"]
[BlackElo "1500"]
[PlyCount "25"]
[Result "1-0"]

1.d4 d5 2.c4 c6 3.Nc3 Nf6 4.Bg5 e6 5.cxd5 exd5 
6.Nf3 Bf5 7.Qb3 b6 8.e3 Be7 9.Be2 O-O 10.O-O h6 
11.Bf4 Nh5 12.Bxb8 Qxb8 13.Ne5 1-0

[Event "ACL-A050"]
[Site "www.playchess.de"]
[Date "2001.03.26"]
[Round "5"]
[White "Mr_Arnaud"]
[Black "Tarahumara"]
[WhiteElo "1500"]
[BlackElo "992"]
[PlyCount "58"]
[Result "0-1"]

1.c4 c5 2.Nc3 Nf6 3.g3 d5 4.cxd5 Nxd5 5.Bg2 Be6 
6.d3 Qa5 7.Bd2 Nxc3 8.Bxc3 Qb6 9.Nf3 f6 10.O-O g6 
11.d4 c4 12.e4 Bg4 13.d5 Nd7 14.Qa4 Bg7 15.Nd4 O-O 
16.Qxc4 Ne5 17.Qb3 f5 18.Qxb6 axb6 19.Ne6 Bf6 
20.f4 Nd3 21.e5 Bg7 22.Nxf8 Bxf8 23.d6 exd6 
24.Bd5+ Kg7 25.exd6+ Kh6 26.d7 Rd8 27.Bf3 Bh3 
28.Rfd1 Bc5+ 29.Kh1 Nf2+ 0-1

[Event "ACL-A050"]
[Site "www.playchess.de"]
[Date "2001.03.26"]
[Round "6"]
[White "sazex"]
[Black "Mr_Arnaud"]
[WhiteElo "1776"]
[BlackElo "1500"]
[PlyCount "60"]
[Result "1/2-1/2"]

1.e4 c5 2.Nf3 e6 3.d4 cxd4 4.Nxd4 Nf6 5.Nc3 Nc6 
6.Ndb5 d6 7.Bf4 e5 8.Bg5 a6 9.Na3 b5 10.Nd5 Be7 
11.Be3 O-O 12.Nxf6+ Bxf6 13.Qd2 Be6 14.c4 b4 
15.Nc2 Rb8 16.Be2 Qc7 17.b3 a5 18.O-O Rfd8 19.f3 
Be7 20.Rad1 Rbc8 21.f4 exf4 22.Bxf4 Ne5 23.Nd4 Bd7 
24.Bh5 g6 25.Be2 Qb7 26.Qc2 Nc6 27.Nxc6 Bxc6 
28.Bg4 Rcb8 29.e5 dxe5 30.Bxe5 
Rxd1 1/2-1/2

[Event "ACL-A050"]
[Site "www.playchess.de"]
[Date "2001.03.26"]
[Round "8"]
[White "Tarahumara"]
[Black "donkey"]
[WhiteElo "992"]
[BlackElo "1100"]
[PlyCount "58"]
[Result "0-1"]

1.e4 c5 2.Qh5 b6 3.Bc4 g6 4.Qd5 e6 5.Qe5 Nf6 6.d3 
Nc6 7.Qc3 Bg7 8.Bg5 h6 9.Be3 O-O 10.h4 Ng4 11.Qd2 
Bxb2 12.f3 Nxe3 13.Qxe3 Bxa1 14.Qxh6 d5 15.exd5 
exd5 16.Bb3 c4 17.dxc4 Re8+ 18.Kf1 Qe7 19.Kf2 Bd4+ 
20.Kg3 Qe1+ 21.Kh2 Be5+ 22.f4 Bd4 23.Nf3 Qf2 24.c5 
Re2 25.Qg5 Qxf3 26.Qg3 Qh5 27.c4 Rxg2+ 28.Kxg2 
Qe2+ 29.Qf2 Qxf2+ 0-1

[Event "ACL-A050"]
[Site "www.playchess.de"]
[Date "2001.03.26"]
[Round "10"]
[White "Mr_Arnaud"]
[Black "donkey"]
[WhiteElo "1500"]
[BlackElo "1100"]
[PlyCount "35"]
[Result "1/2-1/2"]

1.c4 e6 2.Nc3 Nf6 3.e4 d5 4.e5 d4 5.exf6 dxc3 
6.bxc3 Qxf6 7.d4 c5 8.Nf3 h6 9.Rb1 Nc6 10.Be3 cxd4 
11.cxd4 Bb4+ 12.Nd2 Qf5 13.Rb3 Qa5 14.Qb1 O-O 
15.Be2 Nxd4 16.Rxb4 Qxb4 17.Bxd4 Qxb1+ 
18.Nxb1 1/2-1/2

[Event "ACL-A050"]
[Site "www.playchess.de"]
[Date "2001.03.26"]
[Round "11"]
[White "Brrrr"]
[Black "BENEVOLENTONE"]
[WhiteElo "1500"]
[BlackElo "1500"]
[PlyCount "35"]
[Result "1-0"]

1.d4 e6 2.c4 d5 3.Nc3 Bb4 4.Nf3 Bxc3+ 5.bxc3 Bd7 
6.Rb1 b6 7.e3 Nf6 8.Ba3 Ne4 9.Qc2 Na6 10.cxd5 exd5 
11.Bxa6 Qf6 12.Bb7 Rd8 13.Bxd5 Qg6 14.Qxe4+ Be6 
15.Bc6+ Rd7 16.Bxd7+ Kxd7 17.Ne5+ Kc8 
18.Qa8+ 1-0

[Event "ACL-A050"]
[Site "www.playchess.de"]
[Date "2001.03.26"]
[Round "16"]
[White "locko"]
[Black "Brrrr"]
[WhiteElo "1153"]
[BlackElo "1500"]
[PlyCount "46"]
[Result "0-1"]

1.g3 d5 2.d4 Nf6 3.Nc3 e6 4.Bg2 c5 5.e4 Nxe4 
6.Bxe4 dxe4 7.dxc5 Qxd1+ 8.Kxd1 f5 9.f3 exf3 
10.Nxf3 Bxc5 11.Na4 Bd6 12.Bf4 Be7 13.Be5 Kf7 
14.Bd4 Nc6 15.Bc3 b5 16.b3 bxa4 17.bxa4 Rd8+ 
18.Kc1 Rb8 19.h3 Ba3+ 20.Bb2 Bxb2+ 21.Kb1 Bc3+ 
22.Kc1 Bb2+ 23.Kb1 Ba3+ 0-1

[Event "ACL-A050"]
[Site "www.playchess.de"]
[Date "2001.03.26"]
[Round "18"]
[White "locko"]
[Black "sazex"]
[WhiteElo "1153"]
[BlackElo "1776"]
[PlyCount "58"]
[Result "0-1"]

1.g3 e5 2.e4 Nf6 3.Nc3 Bb4 4.Na4 O-O 5.c3 Be7 
6.Bg2 b5 7.Nc5 Bxc5 8.b4 Bb6 9.Nf3 Nxe4 10.d4 exd4 
11.cxd4 a5 12.Ne5 d5 13.f3 Nc3 14.Qd3 axb4 15.O-O 
Bxd4+ 16.Qxd4 Ne2+ 17.Kh1 Nxd4 18.Bb2 Nc2 19.Rad1 
Ne3 20.f4 Rxa2 21.Bc1 Nxg2 22.Rd2 Rxd2 23.Bxd2 Bh3 
24.Bxb4 d4 25.g4 Qd5 26.Rf3 Nxf4 27.Kg1 Qa2 28.Rf2 
Qb1+ 29.Rf1 Qxf1+ 0-1

[Event "ACL-A050"]
[Site "www.playchess.de"]
[Date "2001.03.26"]
[Round "21"]
[White "BENEVOLENTONE"]
[Black "locko"]
[WhiteElo "1500"]
[BlackElo "1153"]
[PlyCount "53"]
[Result "1-0"]

1.d3 d5 2.Nc3 c6 3.Bf4 Nd7 4.Qd2 e5 5.Bg3 h5 6.h4 
g6 7.f4 f6 8.fxe5 fxe5 9.e4 Be7 10.Nf3 Bf6 11.exd5 
cxd5 12.Nxd5 Ne7 13.Nxf6+ Nxf6 14.Bxe5 Ned5 15.c4 
O-O 16.Qh6 Qe7 17.O-O-O Ng4 18.Qh8+ Kf7 19.Qg7+ 
Ke8 20.Qxg6+ Kd8 21.Bd6 Qe3+ 22.Kc2 Nf2 23.Bxf8 
Nxd1 24.Qd6+ Bd7 25.Qxd5 Nf2 26.Ne5 Nxh1 
27.Qxd7+ 1-0

[Event "HCL-C092"]
[Site "www.playchess.de"]
[Date "2001.03.26"]
[Round "13"]
[White "Jernau"]
[Black "Mal"]
[WhiteElo "1000"]
[BlackElo "901"]
[PlyCount "29"]
[Result "1-0"]

1.e4 Nf6 2.f3 e5 3.d4 Nc6 4.Be3 d5 5.Nc3 h5 6.Bg5 
exd4 7.Nxd5 Qd6 8.Bc4 Qe5 9.Bf4 Bb4+ 10.Kf1 Qe6 
11.Nxc7+ Ke7 12.Bxe6 Bxe6 13.Qd3 Bc5 14.Qb5 Rac8 
15.Qxc5+ 1-0

[Event "HCL-A033"]
[Site "www.playchess.de"]
[Date "2001.03.27"]
[Round "24"]
[White "teenspirit"]
[Black "mrchess"]
[WhiteElo "1809"]
[BlackElo "1585"]
[PlyCount "101"]
[Result "1-0"]

1.d4 d6 2.Nf3 Nf6 3.Bf4 Nbd7 4.Nbd2 Nh5 5.e3 Nxf4 
6.exf4 Nf6 7.Bd3 e6 8.Qe2 Be7 9.O-O-O O-O 10.h3 
Bd7 11.g4 Nd5 12.f5 Nf4 13.Qe4 Nxd3+ 14.Qxd3 c6 
15.h4 exf5 16.gxf5 Qa5 17.Rhe1 Bf6 18.Nc4 Qc7 
19.Ne3 Qa5 20.Kb1 d5 21.Ng4 Rae8 22.Nfe5 Bxe5 
23.dxe5 Kh8 24.h5 Qb4 25.Reg1 Qf4 26.f6 Rfg8 
27.fxg7+ Rxg7 28.Nf6 Bf5 29.Qa3 Rxg1 30.Rxg1 Qxf2 
31.Qg3 Qxg3 32.Rxg3 Rf8 33.Kc1 Rd8 34.c3 Rf8 
35.Kd2 Rd8 36.Ke3 a6 37.a4 h6 38.a5 c5 39.b4 cxb4 
40.cxb4 d4+ 41.Kd2 d3 42.Rf3 Be6 43.Rxd3 Rc8 
44.Rg3 Bf5 45.Ke3 Bh7 46.Kd4 Rc1 47.Rc3 Rd1+ 
48.Kc5 Re1 49.Kd6 Bb1 50.Rc8+ Kg7 
51.Rg8+ 1-0

[Event "HCL-A051"]
[Site "www.playchess.de"]
[Date "2001.03.27"]
[Round "2"]
[White "teenspirit"]
[Black "Spider"]
[WhiteElo "1773"]
[BlackElo "1700"]
[PlyCount "57"]
[Result "1-0"]

1.d4 Nf6 2.Nf3 g6 3.Bf4 Bg7 4.Nbd2 c5 5.c3 cxd4 
6.cxd4 d5 7.e3 Qa5 8.Bd3 Nc6 9.O-O O-O 10.a3 Nd8 
11.b4 Qb6 12.Rc1 Ne6 13.Bg3 Rd8 14.Nb3 Nh5 15.Nc5 
Nxg3 16.hxg3 Qd6 17.Qc2 b6 18.Nxe6 Bxe6 19.Ba6 Bd7 
20.Qc7 Be8 21.Qxd6 Rxd6 22.Rc7 e6 23.Rfc1 Bf6 
24.Kf1 Bd8 25.R7c8 Rxc8 26.Rxc8 {long 
maneouvers...}  b5 27.Bb7 Kf8 28.Ne5 f6 
29.Nc6 1-0

[Event "HCL-A061"]
[Site "www.playchess.de"]
[Date "2001.03.27"]
[Round "7"]
[White "Jessica"]
[Black "peze"]
[WhiteElo "1700"]
[BlackElo "1907"]
[PlyCount "54"]
[Result "0-1"]

1.d4 Nf6 2.c4 e6 3.Nf3 b6 {Hello Niki, let's have 
a nice game.}  4.g3 {after g3 your position is 
dead!!}  Ba6 {Wait and see.}  5.b3 Bb4+ 6.Bd2 Be7 
7.Bg2 d5 8.cxd5 Nxd5 9.a3 Nd7 10.e4 N5f6 11.Nc3 
Qb8 12.Qc2 c6 13.Bg5 h6 14.Bf4 Qb7 15.e5 Nd5 
16.Nxd5 cxd5 17.Qb2 Bd3 18.Qc3 Qa6 19.Kd2 Be4 
20.Rhc1 O-O 21.Bf1 b5 22.a4 Rfc8 23.Qb2 Bxf3 
24.axb5 Qb7 25.h4 g5 26.hxg5 hxg5 27.Be3 
Bb4+ 0-1

[Event "HCL-B115"]
[Site "www.playchess.de"]
[Date "2001.03.27"]
[Round "15"]
[White "Shanice"]
[Black "Vampir"]
[WhiteElo "1500"]
[BlackElo "1500"]
[PlyCount "59"]
[Result "1-0"]

1.Nf3 d5 2.d4 Nf6 3.c4 e6 4.Nc3 c6 5.e3 Nbd7 6.Bd3 
dxc4 7.Bxc4 b5 8.Bd3 a6 9.e4 Bb7 10.e5 Nd5 11.Nxd5 
cxd5 12.O-O Rc8 13.a4 b4 14.Bg5 Be7 15.Bxe7 Qxe7 
16.Qe2 a5 17.Nd2 O-O 18.Nb3 Rca8 19.Rfc1 Rfc8 
20.Rxc8+ Bxc8 21.Rc1 Qd8 22.Rc6 Bb7 23.Rd6 Rc8 
24.Bb5 Rc7 25.Nc5 Bc8 26.Bxd7 Bxd7 27.Qb5 Qc8 
28.Rxd7 Rxc5 29.dxc5 Kf8 30.Rb7 1-0

[Event "HCL-B116"]
[Site "www.playchess.de"]
[Date "2001.03.27"]
[Round "9"]
[White "Federviech"]
[Black "SAROS"]
[WhiteElo "964"]
[BlackElo "1372"]
[PlyCount "58"]
[Result "0-1"]

1.b3 e5 2.e3 d5 3.d4 exd4 4.Qxd4 Nc6 5.Qf4 Be6 
6.Bd3 Bd6 7.Qa4 Nge7 8.Nf3 Bd7 9.Ba3 Bxa3 10.Nxa3 
Ne5 11.Qf4 Nxd3+ 12.cxd3 O-O 13.Ng5 Ng6 14.Qg3 c6 
15.e4 dxe4 16.dxe4 Qa5+ 17.b4 Qxb4+ 18.Kf1 h6 
19.Rd1 Qe7 20.Nf3 Be6 21.Nc2 Rfd8 22.Ncd4 Bxa2 
23.Nf5 Rxd1+ 24.Ke2 Qxe4+ 25.Ne3 Rxh1 26.Nd2 Nf4+ 
27.Qxf4 Qxf4 28.Nf3 Re8 29.g3 Rxe3+ 0-1

[Event "HCL-B142"]
[Site "www.playchess.de"]
[Date "2001.03.27"]
[Round "32"]
[White "tuzlak"]
[Black "nadavies_uk"]
[WhiteElo "700"]
[BlackElo "1355"]
[PlyCount "25"]
[Result "1-0"]

1.e4 e5 2.Nf3 Nc6 3.Bc4 Nf6 4.Ng5 d5 5.exd5 {seems 
to be a nice game?}  Nxd5 6.Qf3 Qxg5 7.Bxd5 f6 
8.Bxc6+ {very nice one, isn't it?}  Bd7 9.Bxb7 Rb8 
10.Nc3 Bb4 11.a3 Bxc3 12.dxc3 Qf5 
13.Qxf5 1-0

[Event "HCL-B146"]
[Site "www.playchess.de"]
[Date "2001.03.27"]
[Round "7"]
[White "Sunny"]
[Black "abed"]
[WhiteElo "1500"]
[BlackElo "1805"]
[PlyCount "54"]
[Result "0-1"]

1.e4 e5 2.f4 d6 3.Bb5+ Bd7 4.Bd3 Nf6 5.Ne2 Bg4 
6.Nbc3 exf4 7.Rf1 Nh5 8.Bb5+ c6 9.Bc4 Qh4+ 10.Rf2 
Qxh2 11.d4 Qh1+ 12.Rf1 Qxg2 13.Rf2 Qh1+ 14.Rf1 
Qh4+ 15.Kd2 Be7 16.Rh1 Qf2 17.Qg1 Qf3 18.Ke1 Bh3 
19.Bd3 Bh4+ 20.Kd1 g5 21.e5 d5 22.a4 g4 23.Rh2 Bg3 
24.Rh1 Bf2 25.Qh2 Na6 26.Bd2 Nb4 27.Bf5 
Ng3 0-1

[Event "HCL-B147"]
[Site "www.playchess.de"]
[Date "2001.03.27"]
[Round "1"]
[White "dmitry"]
[Black "Rosenstielke"]
[WhiteElo "1370"]
[BlackElo "1200"]
[PlyCount "36"]
[Result "0-1"]

1.e4 c5 2.Nf3 Nf6 3.e5 Nd5 4.d4 cxd4 5.Nxd4 e6 
6.Bc4 Qa5+ 7.Bd2 Qc5 8.Bxd5 Qxd4 9.Bf3 Qxe5+ 
10.Be3 Qxb2 11.Bd4 Qb4+ 12.Bc3 Qh4 13.O-O Nc6 
14.Nd2 d5 15.g3 Qh6 16.Bg2 Bd6 17.Bb2 Bb4 18.Nf3 
O-O 0-1

[Event "HCL-C120"]
[Site "www.playchess.de"]
[Date "2001.03.27"]
[Round "23"]
[White "monching"]
[Black "ROB"]
[WhiteElo "1000"]
[BlackElo "1000"]
[PlyCount "66"]
[Result "0-1"]

1.e4 e5 2.Nf3 Nc6 3.Bb5 Nf6 4.Bxc6 bxc6 5.d3 d5 
6.Bg5 Ba6 7.O-O Bd6 8.Nc3 h6 9.Bh4 d4 10.Ne2 O-O 
11.Bxf6 Qxf6 12.Ng3 g6 13.h3 Qf4 14.Nh4 Qxh4 15.a4 
Bc8 16.c3 f5 17.Nh1 f4 18.f3 Qg5 19.Nf2 Bc5 20.c4 
Kg7 21.a5 Rb8 22.b3 Bb4 23.Qc2 Bc3 24.Ra3 Qh4 
25.Ra4 g5 26.Rb1 g4 27.hxg4 h5 28.g5 Qxg5 29.Rf1 
h4 30.Nd1 h3 31.Rf2 Rh8 32.Kh1 hxg2+ {mate in 1 
move-resign}  33.Kg1 Rh1+ 0-1

[Event "ACL-A033"]
[Site "www.playchess.de"]
[Date "2001.03.27"]
[Round "34"]
[White "MarkusSSG"]
[Black "michalis"]
[WhiteElo "1737"]
[BlackElo "1500"]
[PlyCount "67"]
[Result "1-0"]

1.d4 Nf6 2.Nf3 g6 3.g3 Bg7 4.Bg2 O-O 5.O-O d5 6.c4 
c6 7.Nbd2 a5 8.e3 Re8 9.Ne5 Be6 10.b3 Nbd7 11.f4 
Nxe5 12.fxe5 Ng4 13.Nf3 f6 14.h3 Nh6 15.Qe2 dxc4 
16.bxc4 Nf5 17.Kh2 Qd7 18.Rd1 fxe5 19.dxe5 Qc7 
20.e4 Nh6 21.Nd4 Qxe5 22.Bf4 Qf6 23.Rab1 Bc8 24.e5 
Qf8 25.Nb3 e6 26.Nd2 Nf7 27.Ne4 Qe7 28.Nd6 Rf8 
29.Rb3 Qc7 30.c5 a4 31.Rf3 Ra5 32.Qe3 Ra6 33.Rb1 
Qd8 34.Rff1 1-0

[Event "HCL-B147"]
[Site "www.playchess.de"]
[Date "2001.03.27"]
[Round "8"]
[White "Rosenstielke"]
[Black "peze4"]
[WhiteElo "1200"]
[BlackElo "1500"]
[PlyCount "129"]
[Result "1-0"]

1.e4 e5 2.f4 exf4 3.Nf3 g5 4.h4 g4 5.Ng5 h6 6.Nxf7 
Kxf7 {Ein mutiges Königsgambit!!}  7.Nc3 d6 8.Bc4+ 
Ke8 9.d4 Be7 10.Bxf4 Bxh4+ 11.g3 Bg5 12.Rf1 Bxf4 
13.Rxf4 c6 14.Bf7+ Ke7 15.e5 d5 16.Qd3 Kd7 17.Bh5 
Kc7 18.Rf7+ Nd7 19.Qg6 Kb8 20.Qg7 Ne7 21.Rxe7 Rg8 
22.Qf7 a6 23.e6 Nb6 24.O-O-O Nc4 25.Re1 Ka7 26.Rc7 
Qd6 27.Rxc6 Qxg3 28.Re2 Rg5 29.Nd1 Rb8 30.a3 Qh3 
31.e7 Bd7 32.Rc7 Rf5 33.e8Q {%}  Bxe8 34.Qxf5 Qxh5 
35.Qxh5 Bxh5 36.Rh2 Bg6 37.Rg7 Bf5 38.Rxh6 Re8 
39.Rh2 Re1 40.b3 Nxa3 41.Rf2 Be6 42.Kd2 Rh1 43.Rf6 
Nb1+ 44.Ke2 Rh2+ 45.Nf2 Bc8 46.Rf8 Be6 47.Rg6 Bd7 
48.c4 Rg2 49.Rg7 Be6 50.Re8 g3 51.Rxe6 Nc3+ 52.Kf3 
Rxf2+ 53.Kxg3 Rb2 54.Kf4 Ne2+ 55.Ke3 Nc3 56.cxd5 
Nxd5+ 57.Ke4 Nc3+ 58.Kd3 Na2 59.d5 Rxb3+ 60.Kc2 
Rh3 61.d6 Nb4+ 62.Kc1 a5 63.d7 Rd3 64.Rh6 Rd4 
65.Rh8 1-0

[Event "HCL-C154"]
[Site "www.playchess.de"]
[Date "2001.03.27"]
[Round "20"]
[White "Allesnehmer"]
[Black "Chill"]
[WhiteElo "1380"]
[BlackElo "466"]
[PlyCount "43"]
[Result "1-0"]

1.c4 e5 2.Nc3 Nf6 3.Nf3 Nc6 4.g3 Be7 5.Bg2 d6 6.d4 
Bg4 7.d5 Bxf3 8.Bxf3 Nb8 9.Qb3 b6 10.O-O Nbd7 
11.Bg2 O-O 12.Bd2 a6 13.Qa4 Nc5 14.Qc2 Qd7 15.b4 
Nb7 16.a3 Rac8 17.Qd3 Nd8 18.Rac1 c6 19.dxc6 Nxc6 
20.Be3 e4 21.Nxe4 Ne5 22.Nxf6+ 1-0

[Event "HCL-C153"]
[Site "www.playchess.de"]
[Date "2001.03.27"]
[Round "15"]
[White "Jelleyman"]
[Black "laehndie26"]
[WhiteElo "557"]
[BlackElo "1000"]
[PlyCount "31"]
[Result "1-0"]

1.e4 e5 2.Nf3 Nc6 3.b3 Nf6 4.Bb5 d6 5.g4 Bxg4 6.c4 
Qe7 7.Ke2 O-O-O 8.Rg1 Nxe4 9.Rxg4 Nc5 10.d4 Nxd4+ 
11.Nxd4 exd4+ 12.Kf1 a6 13.b4 Ne6 14.Ba4 c6 15.Qe1 
b5 16.Bc2 1-0

[Event "HCL-E020"]
[Site "www.playchess.de"]
[Date "2001.03.27"]
[Round "9"]
[White "d2d4"]
[Black "peze2"]
[WhiteElo "2029"]
[BlackElo "1836"]
[PlyCount "45"]
[Result "1-0"]

1.d4 {hello from Budapest! Robert}  Nf6 {Hello 
from Wuppertal! Let's have a nice game. Peter}  
2.c4 e6 3.Nc3 Bb4 4.Nf3 b6 5.Bg5 Bb7 6.e3 h6 7.Bh4 
g5 8.Bg3 Ne4 9.Qc2 Bxc3+ 10.bxc3 Nxg3 11.hxg3 Nc6 
12.Rh5 Qf6 13.Bd3 Na5 14.e4 d6 15.O-O-O O-O-O 
16.Nh2 Qg6 17.g4 Ba6 18.Qa4 Qf6 19.f3 c5 20.Bf1 
Kb8 21.Kc2 cxd4 22.Rxd4 Rdc8 23.Bd3 1-0

[Event "HCL-A069"]
[Site "www.playchess.de"]
[Date "2001.03.27"]
[Round "17"]
[White "paule"]
[Black "Lacey"]
[WhiteElo "1910"]
[BlackElo "1779"]
[PlyCount "46"]
[Result "1/2-1/2"]

1.e4 d5 2.exd5 Nf6 3.c4 e6 4.dxe6 Bxe6 5.Nf3 c5 
6.Be2 Nc6 7.O-O Bd6 8.b3 O-O 9.Bb2 Bf5 10.Re1 Re8 
11.Na3 Bc7 12.Nb5 Bf4 13.g3 a6 14.Nc3 Bc7 15.Na4 
Qd6 16.Nh4 Bh3 17.Bxf6 Qxf6 18.Nc3 Be5 19.Rc1 Bd4 
20.Nf3 Rad8 21.Nxd4 Nxd4 22.Nd5 Qc6 23.Rc3 
Nxe2+ 1/2-1/2